Detalles MARC
| 000 -LÍDER |
| Campo fijo de descripción fija |
02566nam a2200361 i 4500 |
| 001 - NÚMERO DE CONTROL |
| Campo de control |
768714001 |
| 003 - IDENTIFICADOR DEL NÚMERO DE CONTROL |
| Campo de control |
CO-MdFUSB |
| 005 - FECHA Y HORA DE LA ULTIMA TRANSACCIÓN |
| control field |
20230517165539.0 |
| 007 - CAMPO FIJO DE DESCRIPCIÓN FIJA--INFORMACIÓN GENERAL |
| Campo fijo de descripción fija |
ta |
| 008 - ELEMENTOS DE LONGITUD FIJA -- INFORMACIÓN GENERAL |
| Campo fijo de descripción fija -- Información general |
211005t1991 -ge |||| |||| 00| 0 spa d |
| 020 ## - NÚMERO INTERNACIONAL NORMALIZADO PARA LIBROS |
| Número Internacional Normalizado del libro |
8428810486 |
| 040 ## - FUENTE DE CATALOGACIÓN |
| Agencia de catalogación original |
CO-MdFUSB |
| Idioma de catalogación |
spa |
| Agencia que realiza la transcripción |
CO-MdFUSB |
| Agencia que realiza la modificación |
CO-MdFUSBC |
| Convenciones de la descripción |
rda |
| 041 ## - CÓDIGO DE IDIOMA |
| Código de idioma para texto/pista de sonido o título separado |
spa |
| 082 ## - NÚMERO DE CLASIFICACIÓN DECIMAL DEWEY |
| Número de la edición del Dewey |
23 |
| Número de clasificación |
261.808822 |
| Clave de autor-Numero de item |
EN59 |
| 245 ## - TÍTULO |
| Título del Material |
Enseñanza social de la Iglesia en América Latina |
| Mención de responsabilidad, etc. |
/ editado por Peter Hünermann ; Ricardo Antoncich ... [y otros dieciséis autores] |
| 264 #1 - PRODUCCIÓN, PUBLICACIÓN, DISTRIBUCIÓN, MANUFACTURA, Y COPYRIGHT |
| Lugar de producción, publicación, distribución, manufactura |
Madrid, España : |
| Nombre del productor, publicador, distribuidor |
PPC, |
| Fecha de producción, publicación, distribución, manufactura, o copyright |
[1991] |
| 264 #4 - PRODUCCIÓN, PUBLICACIÓN, DISTRIBUCIÓN, MANUFACTURA, Y COPYRIGHT |
| Fecha de producción, publicación, distribución, manufactura, o copyright |
© 1991 |
| 300 ## - DESCRIPCIÓN FÍSICA |
| Extensión |
399 páginas |
| Dimensiones |
; 23 cm |
| 336 ## - TIPO DE CONTENIDO |
| Fuente |
rdacontent |
| Término de tipo de contenido |
texto |
| Código de tipo de contenido |
tdi |
| 337 ## - TIPO DE MEDIO |
| Fuente |
rdamedia |
| Nombre del tipo de medio |
sin mediación |
| Código del tipo de medio |
n |
| 338 ## - TIPO DE SOPORTE |
| Fuente |
rdacarrier |
| Nombre del tipo de soporte |
volumen |
| Código Tipo de soporte |
nc |
| 490 ## - MENCIÓN DE SERIE |
| Mención de serie |
Intercambio, |
| 505 ## - NOTA DE CONTENIDO |
| Título |
Condicionamientos históricos: |
| Nota de contenido con formato preestablecido |
Prehistoria americana de la Doctrina Social de la iglesia / Gerardo Farrel. -- La enseñanza social de la iglesia desde Medellón hasta nuestros días. / Ricardo Antoncich. |
| 505 ## - NOTA DE CONTENIDO |
| Título |
Cuestiones básicas de método:<br/> |
| Nota de contenido con formato preestablecido |
Iglesia-sociedad-cultura / Peter Hünermann. -- El lugar de la Doctrina Social en la reflexion teológico-moral cristiana. / Eduardo Briancesco. -- Ciencias sociales, ética política y Doctrina Social de la iglesia /Juan Carlos Scannone. -- Teología de la Liberación y las ciencia sociales. / Eugenio Rubiolo. |
| 505 ## - NOTA DE CONTENIDO |
| Título |
Desafíos de la realidad latinoamericana: |
| Nota de contenido con formato preestablecido |
El desafío económico: Los problemas y aspiraciones econmica de Améroca Latina: un desafío a la enseñanza y a la praxis cristiana. / Máximo Vega-Centeno. --Deuda externa y situación social en América Latina / Santiago Gastaldi. -- Iglesia y política económica en Chile. / Reinhard Zorn.<br/>El desafío social: Grupos sociales desintegrados y en conflicto. / Pedro Morandé.<br/>El desafío político: Democratización de las democracias en América Latina.<br/>El desafío cultural: Inculturación, evangelización y liberación / Miguel Manzanera. -- El evangelio y las culturas en la enseñanza social de la Iglesia y en América Latina / Silva Arce Moya. -- Religiosidad campesina, estructuras parroquiales y la cultura en el Valle Alto. / José Antonio Rocha. -- Filosofía del desarrollo / Enrique López-Dóriga.<br/> |
| 505 ## - NOTA DE CONTENIDO |
| Título |
Pistas de reflexión: |
| Nota de contenido con formato preestablecido |
Pistas para una nueva reflexión y praxis social de la Iglesia latinoamericana. |
| 563 ## - NOTA DE ENCUADERNACIÓN |
| Nota de encuadernación |
Rústico |
| 650 #0 - ASIENTO SECUNDARIO DE MATERIA - TERMINO TEMÁTICO |
| 9 (RLIN) |
691 |
| Término temático o nombre geográfico como elemento de entrada |
Sociología cristiana |
| Subdivisión geográfica |
América Latina |
| 700 ## - ASIENTO SECUNDARIO - NOMBRE PERSONAL |
| 9 (RLIN) |
5733 |
| Nombre personal |
Hünermann, Peter, |
| Responsabilidad |
editor |
| 700 ## - ASIENTO SECUNDARIO - NOMBRE PERSONAL |
| 9 (RLIN) |
5734 |
| Nombre personal |
Antoncich, Ricardo, |
| Responsabilidad |
autor |
| 942 ## - TIPO DE MATERIAL (KOHA) |
| Tipo de Item KOHA |
Libros General |
| 945 ## - INFORMACIÓN LOCAL DEL REGISTRO |
| Catalogador |
JTF-925 |